Una dialéctica de la ficción y de la historia imagen, reflejo y autobiografía en San Manuel Bueno, mártir /
Elmentve itt :
| Szerző: | |
|---|---|
| Testületi szerző: | |
| További közreműködők: | |
| Dokumentumtípus: | Könyv része |
| Megjelent: |
1999
|
| Sorozat: | Ész, élet, egzisztencia
EL 98 a la luz de la literatura y la filosofía : coloquio internacional, Szeged, 16-17 de octubre de 1998 |
| Kulcsszavak: | Spanyol irodalom története - 19-20. sz. |
| Tárgyszavak: | |
| Online Access: | http://acta.bibl.u-szeged.hu/9518 |
| LEADER | 01027naa a2200241 i 4500 | ||
|---|---|---|---|
| 001 | acta9518 | ||
| 005 | 20211216081420.0 | ||
| 008 | 161015s1999 hu o 0|| spa d | ||
| 022 | |a 0866-028X | ||
| 040 | |a SZTE Egyetemi Kiadványok Repozitórium |b hun | ||
| 041 | |a spa | ||
| 100 | 2 | |a Albiac Blanco María-Dolores | |
| 245 | 1 | 0 | |a Una dialéctica de la ficción y de la historia |h [elektronikus dokumentum] : |b imagen, reflejo y autobiografía en San Manuel Bueno, mártir / |c Albiac Blanco María-Dolores |
| 260 | |c 1999 | ||
| 300 | |a 112-137 | ||
| 490 | 0 | |a Ész, élet, egzisztencia | |
| 490 | 0 | |a EL 98 a la luz de la literatura y la filosofía : coloquio internacional, Szeged, 16-17 de octubre de 1998 | |
| 650 | 4 | |a Bölcsészettudományok | |
| 650 | 4 | |a Nyelvek és irodalom | |
| 695 | |a Spanyol irodalom története - 19-20. sz. | ||
| 700 | 0 | 2 | |a Unamuno y Jugo Miguel de |
| 710 | |a Európai integráció - európai filozófia (1998) (Szeged) | ||
| 856 | 4 | 0 | |u http://acta.bibl.u-szeged.hu/9518/1/esz_007_112-137.pdf |z Dokumentum-elérés |